00620nam a2200181 i 450000100060000000300090000600500170001500700030003200800410003508000110007624501300008726000370021730000690025450500540032365000190037771000180039685200240041456260ES-MaACL20230906163322.0t|031007s1932 sp abf e ||||1|dspa d a03 = 600aDiccionario enciclopédico abreviado b: versiones de la mayoría de las voces en francés, italiano, inglés y alemán. aMadrid : bEspasa-Calpe, c1932. a3 v. : blám., il. col. y n., mapas (algunos pleg.) ; c26 cm.8 aContiene: 1. A-espant - 2. Euris-Poh - 3. Pat-Zyz 4aEnciclopedias.2 aEspasa Calpe. aES-MaACLjA-1459-61